Hodnotenie vývoja daňového systému Slovenskej republiky

Skúmanie daňových systémov uplatňovaných v minulosti a hodnotenie ich vplyvu na daňové subjekty v súčasnosti.

Guardado en:
Detalles Bibliográficos
Autor principal: Lénártová, Gizela
Formato: Capítulo de libro
Lenguaje:eslovaco
Materias:
Etiquetas: Agregar Etiqueta
Sin Etiquetas, Sea el primero en etiquetar este registro!

MARC

LEADER 00000naa a2200000 4500
001 0191908
005 20221007085844.6
041 0 |a slo 
044 |a SK 
245 1 0 |a Hodnotenie vývoja daňového systému Slovenskej republiky  |c Gizela Lénártová 
520 |a Skúmanie daňových systémov uplatňovaných v minulosti a hodnotenie ich vplyvu na daňové subjekty v súčasnosti. 
610 2 0 |a Slovensko 
610 2 0 |a systémy daňové 
610 2 0 |a zdaňovanie 
610 2 0 |a reformy daňové 
100 1 |a Lénártová, Gizela